LEADER 01030cam2-22003371i-450 001 990005874520403321 005 20170320160318.0 010 $a84-8164-236-3 035 $a000587452 035 $aFED01000587452 035 $a(Aleph)000587452FED01 035 $a000587452 100 $a20000421d1998----km-y0itay50------ba 101 0 $aspa 102 $aES 105 $ay-------001yy 200 1 $a<<5.: La >>obra poética del conde de Salinas$fLuis Rosales$gedición de Antonia Maria Ortiz Ballesteros 210 $aMadrid$cEditorial Trotta$d1998 215 $a585 p.$cill.$d23 cm 461 0$1001000926938$12001$aObras completas$v5 610 0 $aSilva y Mendoza, Diego de 676 $a864.64$v22$zita 700 1$aRosales,$bLuis$0377432 702 1$aOrtiz Ballesteros,$bAntonia Maria 801 0$aIT$bUNINA$gRICA$2UNIMARC 901 $aBK 912 $a990005874520403321 952 $a864.64 ROS 1(5)$bBibl.29977$fFLFBC 959 $aFLFBC 996 $aObra poética del conde de Salinas$9564092 997 $aUNINA LEADER 01313nas 2200409- 450 001 996365046103316 005 20181108052723.7 011 $a2470-9670 035 $a(OCoLC)940498002 035 $a(CKB)5470000000212362 035 $a(CONSER)--2016201480 035 $a(DE-599)ZDB3060074-1 035 $a(EXLCZ)995470000000212362 100 $a20160222a20169999 --- a 101 0 $aeng 135 $aur||||||||||| 181 $ctxt$2rdacontent 182 $cc$2rdamedia 183 $acr$2rdacarrier 200 00$aInterdisciplinary journal of signage and wayfinding 210 1$a[Gibsonville, NC] :$cAcademic Advisory Council for Signage Research and Education 300 $aRefereed/Peer-reviewed 606 $aSigns and signboards$vPeriodicals 606 $aWaymarks$vPeriodicals 606 $aSigns and signboards$2fast$3(OCoLC)fst01118336 606 $aWaymarks$2fast$3(OCoLC)fst01172963 608 $aPeriodicals.$2fast 615 0$aSigns and signboards 615 0$aWaymarks 615 7$aSigns and signboards. 615 7$aWaymarks. 676 $a659.13 712 02$aAcademic Advisory Council for Signage Research and Education. 906 $aJOURNAL 912 $a996365046103316 996 $aInterdisciplinary journal of signage and wayfinding$92576646 997 $aUNISA